[Event "IECG QN.2000.0.00095"]
[Site "IECG email"]
[Date "2000.01.28"]
[Round "?"]
[White "Barcos, Diego"]
[Black "Khandan, Farzad"]
[Result "1-0"]
[WhiteElo "800"]
[BlackElo "781"]
[PlyCount "43"]
[EventDate "2000.01.28"]
[EventType "tourn (corr)"]
[EventRounds "6"]
[SourceTitle "Corr 2008"]
[Source "ChessBase"]
[SourceDate "2008.06.24"]
[SourceVersion "1"]
[SourceVersionDate "2008.06.24"]
[SourceQuality "1"]

1. e4 c5 2. c3 d5 3. exd5 Qxd5 4. d4 Nf6 5. Nf3 Nc6 6. dxc5 Qxc5 7. Be3 Qd5 8. Nbd2 Bg4 9. Qa4 g6 10. Bc4 Qa5 11. Qb3 0-0-0 12. Bxf7 e5 13. 0-0 Be7 14. Rfe1 Rhf8 15. Bh6 Rxf7 16. Qxf7 Bxf3 17. Nxf3 e4 18. Qe6+ Kb8 19. Nd4 Nxd4 20. Qxe7 Ng4 21. Bf4+ Ka8 22. cxd4 1-0

[Event "IECC KO email"]
[Site "IECC email"]
[Date "2000.01.18"]
[Round "?"]
[White "Khandan, Farzad"]
[Black "Venturas, Bob"]
[Result "1-0"]
[WhiteElo "1800"]
[BlackElo "1585"]
[PlyCount "53"]
[EventDate "2000.??.??"]
[EventType "tourn (corr)"]
[EventRounds "6"]
[SourceTitle "Corr 2008"]
[Source "ChessBase"]
[SourceDate "2008.06.24"]
[SourceVersion "1"]
[SourceVersionDate "2008.06.24"]
[SourceQuality "1"]

1. e4 e5 2. Nf3 Nc6 3. Bb5 Qf6 4. Nc3 a6 5. Ba4 b5 6. Bb3 Bc5 7. Nd5 Bb6 8. Nxf6+ Nxf6 9. 0-0 d6 10. d3 Bd7 11. Be3 0-0 12. Bxb6 cxb6 13. Nh4 Nd4 14. f4 Bg4 15. Nf3 Bxf3 16. gxf3 exf4 17. c3 Ne6 18. Qd2 Rac8 19. Kh1 Nc5 20. d4 Ncd7 21. Rg1 a5 22. Qxf4 a4 23. Qg5 g6 24. Bc2 Kg7 25. Qxb5 Rcd8 26. Bxa4 Nh5 27. Qxh5 1-0

[Event "IECC KO email"]
[Site "IECC email"]
[Date "2000.01.18"]
[Round "?"]
[White "Venturas, Bob"]
[Black "Khandan, Farzad"]
[Result "0-1"]
[WhiteElo "1578"]
[BlackElo "1807"]
[PlyCount "58"]
[EventDate "2000.??.??"]
[EventType "tourn (corr)"]
[EventRounds "6"]
[SourceTitle "Corr 2008"]
[Source "ChessBase"]
[SourceDate "2008.06.24"]
[SourceVersion "1"]
[SourceVersionDate "2008.06.24"]
[SourceQuality "1"]

1. e4 c5 2. Qf3 Nc6 3. Bb5 Nd4 4. Qd3 a6 5. Bc4 e6 6. c3 Nc6 7. Nf3 b5 8. Bxb5 axb5 9. Qxb5 Qa5 10. Qxa5 Rxa5 11. 0-0 Nf6 12. Na3 Nxe4 13. Nc4 Ra7 14. Re1 d5 15. d3 Nd6 16. Nce5 Nxe5 17. Nxe5 Be7 18. Be3 Rc7 19. d4 Nf5 20. Bf4 Rb7 21. b3 cxd4 22. c4 dxc4 23. Nxc4 0-0 24. Re4 Bf6 25. g4 Nh4 26. g5 Be7 27. Rd1 Rd8 28. Rexd4 Rxd4 29. Rxd4 Nf3+ 0-1